| 000 | 00924cab a2200289 4500 | ||
|---|---|---|---|
| 001 | ABS59028 | ||
| 008 | 090401t1998 xxu||||| |||| 00| 0 eng d | ||
| 035 | _a(Sirsi) u87700 | ||
| 041 | _aeng | ||
| 100 | _aEade, C. | ||
| 245 | _aShopping centres organise united front against `thieves` | ||
| 260 | _c1998 | ||
| 350 | _a0 | ||
| 490 |
_aProperty Week _v63(13) 17 July 1998, 15(1) |
||
| 520 | _aDiscusses the report on crime prevention in shopping centres, published by the British Council for Shopping Centres together with theBritish Retail Consortium. | ||
| 650 | _aBRITISH COUNCIL FOR SHOPPING CENTRES | ||
| 650 | _aBRITISH RETAIL CONSORTIUM | ||
| 650 | _aCENTRE MANAGERS | ||
| 650 | _aCRIME PREVENTION | ||
| 650 | _aPOLICE | ||
| 650 | _aRETAILERS | ||
| 650 | _aSECURITY | ||
| 650 | _aSHOPPING CENTRES | ||
| 690 | _aPROPERTY-COMMERCIAL PROPERTY-RETAIL PROPERTY | ||
| 942 | _n0 | ||
| 948 | _c29/07/1998 | ||
| 999 |
_c55332 _d55332 |
||